000 00327 a2200157 4500
003 Nust
005 20230128133813.0
040 _cNust
082 _a920AUS
100 _aAusten , Jane
245 _aEMMA /
_cJane Austen
260 _aLondon
_bCollins
300 _a380:p
650 _ajane Austen
_9108004
942 _2ddc
_cBK
999 _c187039
_d187039